Construction Management: New Directions / (Record no. 616515)

000 -LEADER
fixed length control field 00398nam a22001457a 4500
020 ## - INTERNATIONAL STANDARD BOOK NUMBER
Qualifying information PB.
040 ## - CATALOGING SOURCE
Transcribing agency FIZZA ISHAQ
082 ## - DEWEY DECIMAL CLASSIFICATION NUMBER
Classification number 624.068
Author Mark DEN
100 ## - MAIN ENTRY--PERSONAL NAME
Personal name McGeorge ,Denny.
9 (RLIN) 133574
245 ## - TITLE STATEMENT
Title Construction Management: New Directions /
Remainder of title Denny McGeorge.
250 ## - EDITION STATEMENT
Edition statement 3RD ED.
260 ## - PUBLICATION, DISTRIBUTION, ETC.
Place of publication, distribution, etc. London:
Name of publisher, distributor, etc. Wiley-Blackwell
Date of publication, distribution, etc. 2013.
300 ## - PHYSICAL DESCRIPTION
Extent 300 P. ;
Dimensions 6.7 x 0.6 x 9.5 inches
942 ## - ADDED ENTRY ELEMENTS (KOHA)
Source of classification or shelving scheme
Koha item type Book
Holdings
Withdrawn status Lost status Source of classification or shelving scheme Damaged status Not for loan Permanent Location Current Location Shelving location Date acquired Total Checkouts Full call number Barcode Date last seen Price effective from Koha item type
          NUST Baluchistan Campus (NBC) NUST Baluchistan Campus (NBC) General Stacks 03/05/2026   624.068 DEN Q-2141 03/05/2026 03/05/2026 Book
© 2023 Central Library, National University of Sciences and Technology. All Rights Reserved.